Score 0/20 Timer 06:00
0 Plays Today
Question Musical % Correct
How do you measure, measure a year?Rent
88.7%
Like does he have a car?Grease
84.8%
Why won't he be the king I know he is? The king I see inside?The Lion King
75.8%
Did you know that Jesus lived here in the U.S.A.?The Book of Mormon
73.2%
Come on babe, why don't we paint the town?Chicago
71.8%
Can I condemn this man to slavery? Pretend I do not feel his agony?Les Misérables
71.5%
My my, how can I resist you?Mamma Mia
69.6%
She still wants to go to the Festival and dance before the Prince?Into the Woods
64.2%
Fervid as a flame, does it have a name?Wicked
60.3%
Could you? Would you? With a goat? Could you? Would you? On a boat?Seussical
54.6%
Question Musical % Correct
Will they know what you overcame? Will they know you rewrote the game?Hamilton
47.6%
When you fall on your head, do you land on your feet?Cats
47.6%
So, what would have been so terrible if I had a small fortune?The Fiddler on the Roof
45.4%
What do they got, a load of sand?The Little Mermaid
36.9%
Your mama's lookin' at herself and wondering where you been?Hairspray
29%
What's playing at the Roxy?Guys and Dolls
28.7%
Have you heard of this 'Broadway'?Spamalot
20.8%
When I say jump say 'How high?'Legally Blonde
20%
Do you know what's worth fighting for? When it's not worth dying for?American Idiot
18.3%
Who's gonna help you through the night?Jersey Boys
12.7%
Come Together.
Have Fun.
All Virtual.
We all need to come together. Play Sporcle's virtual live trivia to have fun, connect with people, and get your trivia on. Join a live hosted trivia game for your favorite pub trivia experience done virtually. If a virtual private party is more your thing, go here for details.

You're not logged in!

Compare scores with friends on all Sporcle quizzes.
OR
Log In

Sporcle TV

Today on Sporcle TV


Watch our educational content, quiz creation guides, and fun videos on Sporcle TV.

Show Comments

Extras

Top Quizzes Today


Score Distribution

Paid Content

Your Account Isn't Verified!

In order to create a playlist on Sporcle, you need to verify the email address you used during registration. Go to your Sporcle Settings to finish the process.

Report this User

Report this user for behavior that violates our Community Guidelines.

Details: